| 000 | 01567cam a2200433 i 4500 | ||
|---|---|---|---|
| 001 | 22421353 | ||
| 003 | OSt | ||
| 005 | 20231207153403.0 | ||
| 008 | 211211s2021 ii a 000 0 eng d | ||
| 010 | _a 2020511730 | ||
| 020 |
_a9789350027370 _q(hardback) |
||
| 020 | _a9350027372 | ||
| 025 | _aI-E-2020511730 ; 62-90 | ||
| 035 | _a(OCoLC)on1288318304 | ||
| 035 | _a(OCoLC)1288318304 | ||
| 037 | _bLibrary of Congress -- New Delhi Overseas Office | ||
| 040 |
_aDKAGE _beng _erda _cDKAGE _dDKAGE _dDLC |
||
| 041 | 0 |
_aeng _ahin |
|
| 042 |
_alccopycat _alcode |
||
| 043 | _aa-ii--- | ||
| 050 | 0 | 0 |
_aDS480.842 _b.C428 2021 |
| 082 | 0 | 4 |
_a954.052 _bCHA/R |
| 100 | 1 |
_aChawla, G. S. _eauthor. _910086 |
|
| 245 | 1 | 0 |
_aRevelations and reflections : _bghastly assassinations of two prime ministers / _cG.S. Chawla. |
| 264 | 1 |
_aDelhi, India : _bAakar, _c2021. |
|
| 300 |
_a225 pages : _billustrations (black and white) ; _c23 cm |
||
| 336 |
_atext _btxt _2rdacontent |
||
| 337 |
_aunmediated _bn _2rdamedia |
||
| 338 |
_avolume _bnc _2rdacarrier |
||
| 546 | _aIncludes passages in Hindi. | ||
| 600 | 1 | 0 |
_aGandhi, Rajiv, _d1944-1991 _xAssassination. |
| 600 | 1 | 0 |
_aGandhi, Indira, _d1917-1984 _xAssassination. |
| 600 | 1 | 0 | _aChawla, G. S. |
| 650 | 0 |
_aPoliticians _zIndia _xDeath. |
|
| 651 | 0 |
_aIndia _xPolitics and government _y1947- |
|
| 906 |
_a7 _bcbc _ccopycat _d3 _encip _f20 _gy-gencatlg |
||
| 942 |
_2ddc _cBK _h954.052 _iCHA/R _k954.052 _mCHA/R |
||
| 999 |
_c43722 _d43722 |
||